Arabic for All Quiz Stats

 Plays Quiz not verified by Sporcle

Score 0/15 Timer 05:00
0 Plays Today
% Correct
dimashq
93.1%
himmas
89.6%
safar
89.6%
tamr hindi
86.5%
mūsilī
84.4%
matrah
82.4%
qandī
80.3%
sifre
74%
% Correct
al-jabr
64%
al-aūd
61.9%
makhāzan
61.2%
dār sinā
52.2%
rizma
51.2%
at-tūba
50.9%
babaghār
47.1%

You're not logged in!

Compare scores with friends on all Sporcle quizzes.
OR
Log In

Sporcle TV

Today on Sporcle TV


Watch our educational content, quiz creation guides, and fun videos on Sporcle TV.

Show Comments

Extras

Top Quizzes Today


Score Distribution

Your Account Isn't Verified!

In order to create a playlist on Sporcle, you need to verify the email address you used during registration. Go to your Sporcle Settings to finish the process.

Report this User

Report this user for behavior that violates our Community Guidelines.

Details: